Canzoni di Neima Ezza - Statistics

Statistiche generali
  • Questo quiz è stato fatto 20 volte
    15 dall'ultimo reset
  • Il punteggio medio è 27 su 45
Statistiche sulle risposte
Album Anno Feat Risposta % Corretto
Piccolo principe 2024 Dystopic, Emis Killa Due principi
100%
Giù 2022 Rondodasosa LEI
100%
Piccolo principe 2024 - Piccolo principe
100%
Giù 2022 Nko CASA
89%
Giù 2022 - CASA - Acoustic Version
89%
Giù 2022 2nd Roof GIU'
89%
Piccolo principe 2024 2nd Roof, Dystopic Nati senza (Outro)
89%
Perif 2020 - Perif
89%
Piccolo principe 2024 Nko, Simba La Rue Spedizione punitiva
89%
Piccolo principe 2024 Dystopic Bella
78%
Piccolo principe 2024 2nd Roof Bimbo in quartiere
78%
Giù 2022 2nd Roof, Vale Pain FEDELE AL QUARTIERE
78%
Piccolo principe 2024 Dystopic, Nko Sbaglio a pensarti
78%
Piccolo principe 2024 2nd Roof Avanti
67%
Giù 2022 - BASTA
67%
- 2021 Nko Block
67%
Piccolo principe 2024 Dystopic, Neza Chiamate perse
67%
Giù 2022 2nd Roof EURO
67%
Piccolo principe 2024 Dystopic Finita
67%
Piccolo principe 2024 Dystopic, 2nd Roof, Guè Ghetto love
67%
- 2020 - Hey Mama
67%
Piccolo principe 2024 Nko Intro
67%
- 2025 SHUNE After
56%
- 2020 - Amico
56%
Piccolo principe 2024 Dystopic, Capo Plaza Calle
56%
- 2021 - Frero
56%
- 2019 Sacky Lo sanno
56%
Piccolo principe 2024 Dystopic, Baby Gang Mamma mi diceva
56%
- 2019 - Notre Dame
56%
Piccolo principe 2024 Dystopic Rosa
56%
Giù 2022 Dystopic AIUTO
44%
Giù 2022 ROOM9 ANNI 90
44%
Giù 2022 2nd Roof, Baby Gang BEBE
44%
Giù 2022 Dystopic C'EST PAS FACIL
44%
Perif 2020 - Inverno
44%
- 2020 - Milano
44%
Piccolo principe 2024 Dystopyc Ninna Nanna
44%
- 2019 - Routine
44%
- 2020 - Zlatan
44%
- 2018 - Essere Ricchi pt.3
33%
- 2019 2nd Roof, Jake La Furia Ferite
33%
Perif 2020 - Marciapiede
33%
Perif 2020 - Mercato
33%
- 2019 - Anime
22%
- 2022 - Banileue
0%
Nessun quiz corrispondente trovato
Distribuzione punteggi
Percentuale di utenti per punteggio
Percentile per numero di risposta
I tuoi punteggi nel tempo
Non hai fatto questo quiz dall'ultimo reset